1796 1027 1692 1300 1677 1861 1262 1538 1692 1039 1242 1211 1149 1861 1727 1177 1070 1435 1309 1807 1453 1295 1009 1535 1444 1838 1314 1144 1291 1115 1428 1541 1498 1260 1712 1794 1735 1880 1922 1445 1990 1051 1331 1769 1201 1641 1176 1128 1158 1482 1455 1033 1364 1934 1328 1651 1662 1621 1898 1616 1273 1728 1438 1123 1244 1465 1881 1889 1412 1531 1201 1057 1883 1858 1068 1880 1730 1791 1464 1764 1520 1407 1728 1646 1117 1881 1357 1183 1617 1021 1514 1025 1509 1411 1731 1680 1404 1651 1382 BCNSPRNW ULIB Ver.6.0+V

เปลี่ยนเป็นภาษาไทย

Change to English
 แสดงรายละเอียดบรรณานุกรม
  กลับหน้าหลัก

Brief Record : Get Marc (ISO 2709) : E-mail record : QR code < ปิดหน้าต่าง
LEADER : 00000nam 2200000uu 4500
001    13399110232
003     ULIB
008    110426s2552||||th 000 0 tha d
020    9786167056029
060  4 WM15^bว583อ 2552
100 0  วิทยากร เชียงกูล
245 10 อธิบายศัพท์จิตวิทยาและการพัฒนาตนเอง = Dictionary of psychologyand self development /^cวิทยากร เชียงกูล
250    พิมพ์ครั้งที่ 1
260    กรุงเทพฯ :^bสายธาร,^c2552
300    260 หน้า ;^c21 ซม
650  7 dictionaries
650  7 psychology
945    ^p200^l0^i027199
945    ^p200^l0^i027198
945    ^p200^l0^i027197
995    ทศพร
999 ^a ใช้งานได้ทุกระบบ
รายการนี้ยังไม่มีแท็ก
คุณยังไม่ได้ล็อกอิน คุณสามารถมีกิจกรรมร่วมกับเว็บไซต์ได้ แต่ต้องล็อกอินก่อน ::
  ล็อกอิน

รายการสื่อสารสนเทศ

ลำดับที่ ประเภท เลขเรียก/บาร์โค้ด สถานที่ สถานะ
- ไม่พบข้อมูล -

รายการใกล้เคียง
    ผู้แต่ง [วิทยากร เชียงกูล]

    หัวเรื่อง [dictionaries]
    หัวเรื่อง [psychology]

BibComment


ยังไม่เคยถูกคอมเมนท์

คอมเมนท์ทรัพยากรรายการนี้
  คอมเมนท์: อธิบายศัพท์จิตวิท..


 Copyright 2026. Bcnsprnw @Library